000
00314nam a22001337a 4500
008
190305b xxu||||| |||| 00| 0 eng d
020
_a
9780815122999
041
_a
eng
080
_2
7th
_a
616.12
100
_a
7
101
_a
KAR
245
_a
Manual of Pulmonary Function Testing
_c
Ruppel, G.L
942
_2
udc
_c
BK
999
_c
54522
_d
54522